| 000 | 00000nam 2200000za 4500 |
| 001 | 9.816466 |
| 003 | CaOODSP |
| 005 | 20221107142247 |
| 007 | cr ||||||||||| |
| 008 | 160502s2014 picd ob f000 0 fre d |
| 020 | |a978-0-660-05317-2 |
| 040 | |aCaOODSP|bfre |
| 043 | |an-cn--- |
| 086 | 1 |aV32-268/2016F-PDF |
| 100 | 1 |aMaclean, Mary Beth. |
| 245 | 10|aIndemnisation des pertes économiques |h[ressource électronique] : |bdéficience, invalidité grave, perte d'avancement professionnel / |cMary Beth MacLean. |
| 260 | |aCharlottetown : |bAnciens Combattants Canada, |c2014. |
| 300 | |a14 p. : |bfig., tableaux |
| 500 | |aPublié aussi en anglais sous le titre : Compensation for economic loss: impairment, severe disability, loss of career progression. |
| 500 | |a« Document d’appui à l’examen de la Nouvelle Charte des anciens combattants. » |
| 500 | |a« 4 novembre 2014. » |
| 500 | |a« Rapport sommaire de la Direction de recherche. » |
| 504 | |aComprend des références bibliographiques. |
| 692 | 07|2gccst|aAncien combattant |
| 692 | 07|2gccst|aPension d'invalidité |
| 692 | 07|2gccst|aAvantages sociaux |
| 692 | 07|2gccst|aCharte |
| 710 | 1 |aCanada. |bAnciens combattants Canada. |
| 775 | 08|tCompensation for economic loss |w(CaOODSP)9.816465 |
| 856 | 40|qPDF|s186 Ko|uhttps://publications.gc.ca/collections/collection_2016/acc-vac/V32-268-2016-fra.pdf |